[Event "9th WCh U20 Girls"]
[Site "Mamaia ROM"]
[Date "1991.??.??"]
[Round "?"]
[White "Botsari, Anna-Maria"]
[Black "Bojkovic, Natasa"]
[Result "1/2-1/2"]
[WhiteElo "2285"]
[BlackElo "2310"]
[EventDate "1991.08.??"]
[PlyCount "25"]

1.d4 Nf6 2.c4 e6 3.Nc3 Bb4 4.Qc2 O-O 5.a3 Bxc3+ 6.Qxc3 b6 7.Bg5 Bb7 8.f3 
h6 9.Bh4 d5 10.e3 Nbd7 11.cxd5 Nxd5 12.Bxd8 Nxc3 13.bxc3 1/2-1/2

[Event "9th WCh U20 Girls"]
[Site "Mamaia ROM"]
[Date "1991.??.??"]
[Round "?"]
[White "Bojkovic, Natasa"]
[Black "Radu, Elena-Luminita"]
[Result "1-0"]
[WhiteElo "2310"]
[BlackElo "2270"]
[EventDate "1991.08.??"]
[PlyCount "81"]

1.e4 e6 2.d4 d5 3.Nd2 Nf6 4.e5 Nfd7 5.Bd3 c5 6.c3 Nc6 7.Ne2 cxd4 8.cxd4 f6
9.exf6 Nxf6 10.O-O Bd6 11.Nf3 Qc7 12.Bg5 O-O 13.Rc1 Ng4 14.Ng3 g6 15.Nh4 
e5 16.Be2 Nf6 17.dxe5 Bxe5 18.Qd2 Qb6 19.Bh6 Bxg3 20.hxg3 Re8 21.Qg5 Ne5 
22.Qd2 Nf7 23.Be3 Qe6 24.Bb5 Bd7 25.Bxd7 Qxd7 26.Rfd1 b6 27.Qd3 Ne5 28.Qd4
Qd6 29.Bf4 Nf7 30.Nf3 Rac8 31.Qa4 Rxc1 32.Rxc1 Re7 33.Qd4 h6 34.Bd2 Kh7 
35.Bc3 Ne8 36.Re1 Qd7 37.Rxe7 Qxe7 38.Qxd5 Nf6 39.Qd4 Ne8 40.Qa4 Qc7 41.
Qxe8 1-0

[Event "9th WCh U20 Girls"]
[Site "Mamaia ROM"]
[Date "1991.??.??"]
[Round "?"]
[White "Radu, Elena-Luminita"]
[Black "Botsari, Anna-Maria"]
[Result "1/2-1/2"]
[WhiteElo "2270"]
[BlackElo "2285"]
[EventDate "1991.08.??"]
[PlyCount "125"]

1.Nf3 Nf6 2.g3 d5 3.Bg2 e6 4.d3 Be7 5.O-O c5 6.Nbd2 Nc6 7.e4 b6 8.Re1 Bb7 
9.c3 Qc7 10.a3 h6 11.b4 dxe4 12.dxe4 cxb4 13.cxb4 Ne5 14.Nxe5 Qxe5 15.Rb1 
O-O 16.Bb2 Qb5 17.e5 Nd5 18.Ne4 Rac8 19.Bf1 Qd7 20.Qg4 f5 21.exf6 Nxf6 22.
Nxf6+ Bxf6 23.Qxe6+ Qxe6 24.Rxe6 Bxb2 25.Rxb2 Rc1 26.f4 Bc8 27.Re3 Bh3 28.
Rf2 h5 29.f5 Rf6 30.Ref3 Kf7 31.Rf4 Re1 32.a4 Kf8 33.a5 bxa5 34.bxa5 Kf7 
35.Re2 Ra1 36.Ref2 Kg8 37.Rh4 Bxf1 38.Rxf1 Rxf1+ 39.Kxf1 Rxf5+ 40.Ke2 Rxa5
41.Kd3 g6 42.Kc3 Kg7 43.Rc4 Ra2 44.Rh4 Kh6 45.Kd3 g5 46.Rc4 Rxh2 47.Rc6+ 
Kg7 48.Ke4 Rf2 49.Ra6 Rf7 50.Ra5 Kg6 51.Ra6+ Kh7 52.Ra5 Rg7 53.Kf5 h4 54.
g4 Kg8 55.Ra3 Rh7 56.Rh3 Rg7 57.Ra3 Kh8 58.Kf6 Kh7 59.Kf5 Kh8 60.Kf6 Kh7 
61.Kf5 Kg8 62.Kf6 Kh8 63.Kf5 1/2-1/2

[Event "9th WCh U20 Girls"]
[Site "Mamaia ROM"]
[Date "1991.??.??"]
[Round "?"]
[White "Csoke, Adrienn"]
[Black "Bojkovic, Natasa"]
[Result "1/2-1/2"]
[WhiteElo "2235"]
[BlackElo "2310"]
[EventDate "1991.08.??"]
[PlyCount "98"]

1.e4 c5 2.Nf3 e6 3.d4 cxd4 4.Nxd4 Nf6 5.Nc3 Nc6 6.Ndb5 d6 7.Bf4 e5 8.Bg5 
a6 9.Na3 b5 10.Nd5 Be7 11.Nxe7 Nxe7 12.Bxf6 gxf6 13.Bd3 d5 14.exd5 Qxd5 
15.Qe2 Bb7 16.f3 Qe6 17.c4 bxc4 18.Nxc4 Nc6 19.Bf5 Qe7 20.O-O-O O-O 21.Qf2
Rfd8 22.Qh4 Qb4 23.Rxd8+ Rxd8 24.Kb1 Kf8 25.Rc1 Rd4 26.Qh6+ Ke7 27.b3 a5 
28.Qe3 a4 29.Qc3 Qxc3 30.Rxc3 Rd1+ 31.Kb2 axb3 32.axb3 h5 33.Be4 Nd8 34.
Bxb7 Nxb7 35.Ne3 Rd2+ 36.Kc1 Rd7 37.Nf5+ Ke6 38.Ng7+ Ke7 39.Nxh5 f5 40.Ng3
Nd6 41.Rc5 Ke6 42.Kb2 f4 43.Nf1 Nf5 44.Rc2 Rd1 45.Rf2 Nd4 46.Nd2 f5 47.Nb1
Nxb3 48.Kxb3 Rxb1+ 49.Kc4 Rc1+ 1/2-1/2

[Event "9th WCh U20 Girls"]
[Site "Mamaia ROM"]
[Date "1991.??.??"]
[Round "?"]
[White "Koen, Maia"]
[Black "Bojkovic, Natasa"]
[Result "1/2-1/2"]
[WhiteElo "2215"]
[BlackElo "2310"]
[EventDate "1991.08.??"]
[PlyCount "100"]

1.d4 Nf6 2.c4 e6 3.Nc3 Bb4 4.e3 O-O 5.Ne2 Re8 6.a3 Bf8 7.Ng3 d5 8.cxd5 
exd5 9.Bd3 Nbd7 10.O-O b6 11.b4 c5 12.b5 g6 13.Bb2 Bg7 14.Rc1 Nf8 15.dxc5 
bxc5 16.Na4 c4 17.Bb1 Rb8 18.Nc3 Ne6 19.Nge2 Bb7 20.Na2 Qc7 21.Nd4 Ng5 22.
Nb4 h5 23.g3 Rbd8 24.Ndc6 Bxc6 25.Nxc6 Rd7 26.Bd4 a6 27.a4 axb5 28.axb5 
Qb7 29.h4 Ngh7 30.Qa4 Ra8 31.Na5 Qc8 32.Bc2 Ne8 33.Bxg7 Kxg7 34.Qb4 Rda7 
35.Ra1 Rb8 36.Qc3+ Nhf6 37.Rfb1 Nd6 38.b6 Ra6 39.Qd4 Rba8 40.Qe5 Nb7 41.
Nxb7 Qxb7 42.Rxa6 Rxa6 43.Qd4 Ra8 44.Rb2 Re8 45.f3 Re6 46.e4 Qb8 47.Kf2 
dxe4 48.Bxe4 Rd6 49.Qe3 c3 50.Qxc3 Rxb6 1/2-1/2

[Event "9th WCh U20 Girls"]
[Site "Mamaia ROM"]
[Date "1991.??.??"]
[Round "?"]
[White "Bojkovic, Natasa"]
[Black "Dzhandzhgava, Nadia"]
[Result "1-0"]
[WhiteElo "2310"]
[BlackElo "2210"]
[EventDate "1991.08.??"]
[PlyCount "81"]

1.e4 c5 2.c3 d6 3.d4 Nf6 4.dxc5 Nc6 5.f3 d5 6.exd5 Qxd5 7.Qxd5 Nxd5 8.Bc4 
e6 9.Bxd5 exd5 10.Be3 Ne5 11.b3 Nd3+ 12.Kd2 Nxc5 13.Na3 Bd7 14.Ne2 Ne6 15.
Nc2 Bd6 16.Rad1 O-O 17.Kc1 d4 18.Nexd4 Rfd8 19.Kb2 Nxd4 20.Rxd4 Be5 21.Rd5
Bf6 22.Rhd1 Bf5 23.Rxd8+ Bxd8 24.Nb4 a5 25.Nd5 a4 26.Bb6 a3+ 27.Kc1 Kf8 
28.Bxd8 Rxd8 29.Ne3 Bd7 30.Nc4 Ke7 31.Nxa3 Ra8 32.Kb2 Ra6 33.Nc2 Rh6 34.h3
Rg6 35.Rd2 b5 36.Ne3 Rd6 37.Re2 Kf6 38.c4 Kg5 39.Kc3 Re6 40.Kd3 bxc4+ 41.
Nxc4 1-0

[Event "9th WCh U20 Girls"]
[Site "Mamaia ROM"]
[Date "1991.??.??"]
[Round "?"]
[White "Botsari, Anna-Maria"]
[Black "Csoke, Adrienn"]
[Result "0-1"]
[WhiteElo "2285"]
[BlackElo "2235"]
[EventDate "1991.08.??"]
[PlyCount "52"]

1.d4 Nf6 2.c4 e6 3.Nc3 Bb4 4.Qc2 O-O 5.a3 Bxc3+ 6.Qxc3 b6 7.Bg5 Bb7 8.f3 
h6 9.Bh4 d5 10.e3 Nbd7 11.Nh3 dxc4 12.Bxc4 Ne4 13.Bxd8 Nxc3 14.Bxc7 Rfc8 
15.bxc3 Rxc7 16.Bb5 Nf6 17.Kd2 Rac8 18.Rhc1 Nd5 19.c4 Ne7 20.Kd3 Nf5 21.
Rab1 Nd6 22.Ng1 a6 23.Ba4 Nxc4 24.Bd7 Ne5+ 25.dxe5 Rxc1 26.Rxc1 Rxc1 0-1

[Event "9th WCh U20 Girls"]
[Site "Mamaia ROM"]
[Date "1991.??.??"]
[Round "?"]
[White "Radu, Elena-Luminita"]
[Black "Csoke, Adrienn"]
[Result "1/2-1/2"]
[WhiteElo "2270"]
[BlackElo "2235"]
[EventDate "1991.08.??"]
[PlyCount "49"]

1.e4 c5 2.Nf3 Nc6 3.d4 cxd4 4.Nxd4 Nf6 5.Nc3 Rb8 6.g3 e5 7.Nb3 Bb4 8.Bg2 
d6 9.O-O O-O 10.Qd3 a6 11.Bg5 Bxc3 12.Qxc3 Be6 13.Qd3 Qe7 14.c3 Rfd8 15.
Nd2 h6 16.Bxf6 Qxf6 17.Nc4 Qe7 18.Ne3 Qd7 19.f4 f6 20.f5 Bf7 21.g4 Ne7 22.
Kf2 b5 23.Rfd1 Qa7 24.Kg3 Rd7 25.Qe2 1/2-1/2

[Event "9th WCh U20 Girls"]
[Site "Mamaia ROM"]
[Date "1991.??.??"]
[Round "?"]
[White "Koen, Maia"]
[Black "Botsari, Anna-Maria"]
[Result "0-1"]
[WhiteElo "2215"]
[BlackElo "2285"]
[EventDate "1991.08.??"]
[PlyCount "136"]

1.d4 Nf6 2.c4 e6 3.Nc3 Bb4 4.e3 c5 5.Ne2 cxd4 6.exd4 d5 7.a3 Be7 8.Nf4 Nc6
9.Be3 O-O 10.cxd5 exd5 11.Bd3 Be6 12.h3 Qd7 13.g4 Rad8 14.Qf3 g6 15.Kf1 
Ne8 16.Rd1 Ng7 17.Rg1 f5 18.g5 Bf7 19.Bb1 Ne8 20.Ba2 Nc7 21.h4 Rfe8 22.h5 
Bf8 23.hxg6 hxg6 24.Rh1 Bg7 25.Qh3 Qd6 26.Nfe2 Kf8 27.Bf4 Qd7 28.Qf3 Ne6 
29.Be3 Nc7 30.b4 Ne7 31.Nf4 Nb5 32.Nxb5 Qxb5+ 33.Kg2 Rc8 34.Rh7 Rc2 35.Bb1
Rc3 36.Qh3 Ng8 37.Bxf5 gxf5 38.Qxf5 Rc6 39.Nh5 Rg6 40.Nxg7 Rxg7 41.Rxg7 
Kxg7 42.Rh1 Bg6 43.Qf4 Qd3 44.Rc1 Qe4+ 45.Kg3 Qxf4+ 46.Bxf4 Bf5 47.Rc5 Be6
48.Ra5 a6 49.b5 axb5 50.Rxb5 Re7 51.Rb6 Kg6 52.a4 Kf5 53.a5 Bc8 54.Rd6 Rd7
55.Rb6 Rg7 56.f3 Rg6 57.Rb5 Ne7 58.Rc5 Rc6 59.Rb5 Kg6 60.Be3 Kf5 61.Bf4 
Re6 62.Rc5 Kg6 63.Rc7 Nf5+ 64.Kf2 Rc6 65.Rxc6+ bxc6 66.Be5 Kxg5 67.Ke2 Ne7
68.Kd3 Ng6 0-1

[Event "9th WCh U20 Girls"]
[Site "Mamaia ROM"]
[Date "1991.??.??"]
[Round "?"]
[White "Dzhandzhgava, Nadia"]
[Black "Botsari, Anna-Maria"]
[Result "1-0"]
[WhiteElo "2210"]
[BlackElo "2285"]
[EventDate "1991.08.??"]
[PlyCount "119"]

1.c4 e6 2.Nc3 d5 3.d4 Nf6 4.cxd5 exd5 5.Bg5 c6 6.Qc2 Be7 7.e3 Nbd7 8.Bd3 
O-O 9.Nf3 Re8 10.h3 Nf8 11.Rb1 Bd6 12.O-O Ng6 13.Nh4 Bd7 14.Ne2 Rc8 15.b4 
Bb8 16.Nxg6 fxg6 17.f3 Rf8 18.e4 Qb6 19.Qc5 Be6 20.Qxb6 axb6 21.e5 Nd7 22.
g4 Rf7 23.Be3 b5 24.f4 Ba7 25.f5 gxf5 26.gxf5 Nxe5 27.dxe5 Bxe3+ 28.Kg2 
Re8 29.fxe6 Rxf1 30.Rxf1 Rxe6 31.Bf5 Rxe5 32.Bc8 Re7 33.Nf4 g6 34.Nd3 Rc7 
35.Be6+ Kg7 36.Re1 Bg5 37.Re2 Kf6 38.Kf3 d4 39.Bb3 b6 40.Rc2 Ke7 41.Nf2 
Bh6 42.Ne4 Rc8 43.Ke2 Kd7 44.Kd3 Bf8 45.Ng5 Ra8 46.Kxd4 Bxb4 47.Be6+ Ke7 
48.Rxc6 Rd8+ 49.Bd5 h6 50.Ne4 Ba3 51.Rc7+ Rd7 52.Rxd7+ Kxd7 53.Bf7 g5 54.
Ke5 Ke7 55.Bb3 Bc1 56.Kf5 Kf8 57.Kg6 Ke7 58.Nf6 Kd6 59.Ng4 Kc5 60.Nxh6 1-0

[Event "9th WCh U20 Girls"]
[Site "Mamaia ROM"]
[Date "1991.??.??"]
[Round "?"]
[White "Martin del Campo, Astrid"]
[Black "Csoke, Adrienn"]
[Result "0-1"]
[WhiteElo "2260"]
[BlackElo "2235"]
[EventDate "1991.08.??"]
[PlyCount "78"]

1.e4 c5 2.f4 d5 3.exd5 Nf6 4.Bb5+ Bd7 5.Bxd7+ Qxd7 6.c4 e6 7.Qe2 Bd6 8.
dxe6 Qxe6 9.Qxe6+ fxe6 10.g3 Nc6 11.Nf3 Nb4 12.Na3 O-O-O 13.O-O Rhe8 14.
Nb5 Bb8 15.b3 a6 16.Nc3 e5 17.fxe5 Bxe5 18.Nxe5 Rxe5 19.Nd1 Nd3 20.Ba3 Re2
21.Nf2 Ne5 22.Bxc5 Rdxd2 23.Rfd1 Rc2 24.Kf1 Nfd7 25.Re1 Rxe1+ 26.Rxe1 Nxc5
27.Rxe5 Rxf2+ 28.Kxf2 Nd3+ 29.Ke3 Nxe5 30.Ke4 Nc6 31.h4 Kd7 32.g4 Ke6 33.
a3 Na5 34.b4 Nxc4 35.a4 Ne5 36.g5 g6 37.b5 axb5 38.axb5 Kd6 39.Kf4 Nd7 0-1

[Event "9th WCh U20 Girls"]
[Site "Mamaia ROM"]
[Date "1991.??.??"]
[Round "?"]
[White "Radu, Elena-Luminita"]
[Black "Dzhandzhgava, Nadia"]
[Result "1/2-1/2"]
[WhiteElo "2270"]
[BlackElo "2210"]
[EventDate "1991.08.??"]
[PlyCount "86"]

1.e4 g6 2.d4 Bg7 3.Nc3 c6 4.Bc4 b5 5.Bb3 b4 6.Nce2 d6 7.Nf3 Nf6 8.e5 Nd5 
9.Nf4 e6 10.O-O O-O 11.Re1 Bb7 12.Nd3 Na6 13.Bg5 Ne7 14.Qd2 dxe5 15.Ndxe5 
Kh8 16.Bh4 Qe8 17.a3 Nf5 18.axb4 Nxh4 19.Nxh4 Qe7 20.Nhf3 Nxb4 21.Ng5 Bxe5
22.Rxe5 Nd5 23.c4 Nf6 24.Rae1 Qd7 25.d5 cxd5 26.cxd5 Bxd5 27.Bxd5 Nxd5 28.
Qd4 Nf6 29.Qh4 Kg7 30.h3 h6 31.Ne4 Nxe4 32.Qxe4 Rab8 33.Ra5 Kh7 34.Qe5 
Rfc8 35.Rea1 Rb7 36.b4 Rc2 37.Qe3 Rcc7 38.g3 Rxb4 39.Rxa7 Rxa7 40.Rxa7 
Rb1+ 41.Kh2 Qd5 42.Rxf7+ Kg8 43.Qf3 Qxf3 1/2-1/2

[Event "9th WCh U20 Girls"]
[Site "Mamaia ROM"]
[Date "1991.??.??"]
[Round "?"]
[White "Martin del Campo, Astrid"]
[Black "Paasikangas, Johanna"]
[Result "0-1"]
[WhiteElo "2260"]
[BlackElo "2205"]
[EventDate "1991.08.??"]
[PlyCount "42"]

1.e4 c5 2.f4 d5 3.exd5 Nf6 4.Bb5+ Nbd7 5.c4 a6 6.Bxd7+ Bxd7 7.Nf3 e6 8.
dxe6 Bxe6 9.b3 Bd6 10.d4 cxd4 11.Nxd4 Bg4 12.Nf3 O-O 13.O-O Bc5+ 14.Kh1 
Ne4 15.Qxd8 Raxd8 16.Nbd2 Nf2+ 17.Kg1 Nd1+ 18.Kh1 Ne3 19.Ne4 Nxf1 20.Nxc5 
Rd1 21.Bb2 Ng3# 0-1

[Event "9th WCh U20 Girls"]
[Site "Mamaia ROM"]
[Date "1991.??.??"]
[Round "?"]
[White "Deno, Mara"]
[Black "Bojkovic, Natasa"]
[Result "0-1"]
[WhiteElo "2150"]
[BlackElo "2310"]
[EventDate "1991.08.??"]
[PlyCount "124"]

1.e4 c5 2.Nf3 e6 3.d4 cxd4 4.Nxd4 Nf6 5.Nc3 Nc6 6.g3 d5 7.exd5 Nxd5 8.Nxc6
bxc6 9.Bg2 Ba6 10.Ne2 Be7 11.O-O O-O 12.Re1 Qb6 13.Nf4 Bc5 14.Nh3 Rad8 15.
Qg4 Kh8 16.c4 Nf6 17.Qe2 Bd4 18.Rb1 Qb4 19.b3 c5 20.Bg5 h6 21.Bf4 Nd5 22.
Bxd5 Rxd5 23.Qg4 Rf5 24.Be3 Bc3 25.Rf1 Bb7 26.Nf4 Qb6 27.f3 Re5 28.Ng2 Rf5
29.Nf4 Qa6 30.Rf2 Rd8 31.Qh3 Bd4 32.Bxd4 Rxd4 33.Kg2 Qd6 34.Re1 a5 35.Re3 
Rd1 36.Rfe2 Qd4 37.Re1 Rxe1 38.Rxe1 Qc3 39.Rf1 Re5 40.Qh4 Qd2+ 41.Rf2 Qd6 
42.Nh3 Re3 43.Ng1 Kh7 44.g4 e5 45.Qg3 f6 46.h4 Qe7 47.Kh2 Qd8 48.Rf1 e4 
49.Qf2 Qd6+ 50.f4 Rd3 51.Re1 g5 52.hxg5 hxg5 53.Ne2 Rf3 54.Qg1 gxf4 55.Rd1
Rd3 56.Nc3 f3+ 57.Qg3 Rxd1 58.Nxd1 Qxd1 59.Qc7+ Kg6 60.Qxb7 Qe2+ 61.Kg3 
Qg2+ 62.Kf4 f2 0-1

[Event "9th WCh U20 Girls"]
[Site "Mamaia ROM"]
[Date "1991.??.??"]
[Round "?"]
[White "Botsari, Anna-Maria"]
[Black "Repkova, Eva"]
[Result "1-0"]
[WhiteElo "2285"]
[BlackElo "2170"]
[EventDate "1991.08.??"]
[PlyCount "97"]

1.d4 Nf6 2.c4 g6 3.Nc3 Bg7 4.e4 d6 5.f3 O-O 6.Bg5 c5 7.d5 e6 8.Qd2 exd5 9.
cxd5 a6 10.a4 Qa5 11.Ra3 Nbd7 12.Nh3 Rb8 13.Be2 Qc7 14.O-O c4 15.Nf2 b5 
16.axb5 axb5 17.b4 Nc5 18.bxc5 b4 19.cxd6 Qd7 20.Raa1 bxc3 21.Qe3 c2 22.
Ra2 c3 23.Rxc2 Rb2 24.Rfc1 Re8 25.Qd3 Bb7 26.Nd1 Rxc2 27.Rxc2 Ra8 28.Nxc3 
Qxd6 29.Rc1 Nh5 30.Nb5 Qe5 31.Be3 Ba6 32.Qd2 Rb8 33.Bd4 Qf4 34.Be3 Qe5 35.
Nd4 Bxe2 36.Nxe2 Rb2 37.Rc8+ Bf8 38.Qd4 Rb1+ 39.Nc1 Qxd4 40.Bxd4 Nf4 41.
Kf1 f5 42.Be3 g5 43.g3 Nd3 44.Ke2 fxe4 45.Nxd3 exd3+ 46.Kxd3 Rb5 47.Kc4 
Rb4+ 48.Kc3 Rb1 49.Bc5 1-0

[Event "9th WCh U20 Girls"]
[Site "Mamaia ROM"]
[Date "1991.??.??"]
[Round "?"]
[White "Csoke, Adrienn"]
[Black "Koen, Maia"]
[Result "1/2-1/2"]
[WhiteElo "2235"]
[BlackElo "2215"]
[EventDate "1991.08.??"]
[PlyCount "33"]

1.e4 e6 2.d4 d5 3.Nd2 c5 4.exd5 exd5 5.Ngf3 a6 6.c4 Nf6 7.Be2 Be7 8.O-O 
O-O 9.cxd5 cxd4 10.Nxd4 Nxd5 11.Bf3 Nb4 12.N2b3 N8c6 13.a3 Nxd4 14.Nxd4 
Bf6 15.Be3 Nd5 16.Bc1 Nb6 17.Ne2 1/2-1/2

[Event "9th WCh U20 Girls"]
[Site "Mamaia ROM"]
[Date "1991.??.??"]
[Round "?"]
[White "Dzhandzhgava, Nadia"]
[Black "Csoke, Adrienn"]
[Result "1/2-1/2"]
[WhiteElo "2210"]
[BlackElo "2235"]
[EventDate "1991.08.??"]
[PlyCount "88"]

1.c4 c5 2.Nc3 Nc6 3.g3 g6 4.Bg2 Bg7 5.e3 e6 6.Nge2 Nge7 7.d4 cxd4 8.Nxd4 
a6 9.O-O O-O 10.Nxc6 bxc6 11.c5 Qc7 12.e4 Re8 13.Na4 f5 14.f3 Rb8 15.Bf4 
e5 16.Be3 f4 17.gxf4 exf4 18.Bd4 d5 19.cxd6 Qxd6 20.Bxg7 Qxd1 21.Rfxd1 
Kxg7 22.b3 Rb5 23.Rac1 g5 24.Bf1 Re5 25.Nc5 g4 26.Nd3 Rg5 27.Rc5 Rxc5 28.
Nxc5 gxf3 29.Kf2 Ng6 30.Rd6 Ne5 31.h3 a5 32.Nd3 Nxd3+ 33.Bxd3 Bxh3 34.Kxf3
Rc8 35.Kxf4 Rc7 36.e5 Rd7 37.Rxd7+ Bxd7 38.Bc4 Kf8 39.Kg5 Ke7 40.Bg8 h6+ 
41.Kxh6 Be6 42.Bh7 Bxb3 43.axb3 Ke6 44.Kg7 c5 1/2-1/2

[Event "9th WCh U20 Girls"]
[Site "Mamaia ROM"]
[Date "1991.??.??"]
[Round "?"]
[White "Bojkovic, Natasa"]
[Black "Johansson, Viktoria"]
[Result "1-0"]
[WhiteElo "2310"]
[BlackElo "2130"]
[EventDate "1991.08.??"]
[PlyCount "93"]

1.e4 c6 2.d4 d5 3.Nc3 dxe4 4.Nxe4 Bf5 5.Ng3 Bg6 6.Nf3 Nd7 7.Bc4 e6 8.O-O 
Ngf6 9.Qe2 Nd5 10.Bb3 Bd6 11.Ne4 Bxe4 12.Qxe4 Qc7 13.g3 N7f6 14.Qe2 Ne7 
15.c4 Ng6 16.d5 e5 17.dxc6 bxc6 18.Be3 O-O 19.Rad1 Rad8 20.Bc2 Rfe8 21.Bg5
Qe7 22.Nd2 h6 23.Bxf6 Qxf6 24.Ne4 Qe7 25.Ba4 Qc7 26.Nxd6 Rxd6 27.Rxd6 Qxd6
28.Rd1 Qc5 29.Qe4 Re6 30.Qe3 Qxe3 31.fxe3 e4 32.Rd8+ Kh7 33.c5 Ne5 34.Rd6 
Re7 35.Bxc6 f5 36.Bb5 Rc7 37.c6 a6 38.Ba4 Ng4 39.Rd7 Rc8 40.Ra7 Nxe3 41.
Rxa6 Kg8 42.Ra7 Kf8 43.Rd7 Nc4 44.c7 Nb6 45.Rd6 Rxc7 46.Rxb6 Ke7 47.Bb3 
1-0

[Event "9th WCh U20 Girls"]
[Site "Mamaia ROM"]
[Date "1991.??.??"]
[Round "?"]
[White "Repkova, Eva"]
[Black "Radu, Elena-Luminita"]
[Result "0-1"]
[WhiteElo "2170"]
[BlackElo "2270"]
[EventDate "1991.08.??"]
[PlyCount "48"]

1.e4 d5 2.exd5 Nf6 3.c4 c6 4.d4 cxd5 5.Nc3 Nc6 6.Nf3 Bg4 7.cxd5 Nxd5 8.Qb3
Bxf3 9.gxf3 Nb6 10.Be3 e6 11.O-O-O Be7 12.d5 exd5 13.Nxd5 Nxd5 14.Rxd5 Qc7
15.Kb1 O-O 16.Bg2 Nb4 17.Rb5 Qc6 18.Rf5 Rad8 19.Rd1 Rxd1+ 20.Qxd1 Qe6 21.
Rf4 Qxa2+ 22.Kc1 Qa1+ 23.Kd2 Rd8+ 24.Rd4 Qxb2+ 0-1

[Event "9th WCh U20 Girls"]
[Site "Mamaia ROM"]
[Date "1991.??.??"]
[Round "?"]
[White "Botsari, Anna-Maria"]
[Black "Limbach, Renate"]
[Result "1-0"]
[WhiteElo "2285"]
[BlackElo "2145"]
[EventDate "1991.08.??"]
[PlyCount "119"]

1.d4 d5 2.c4 e6 3.Nc3 c5 4.cxd5 cxd4 5.Qa4+ Bd7 6.Qxd4 exd5 7.Qxd5 Nc6 8.
Nf3 Nf6 9.Qd1 Bc5 10.e3 Qe7 11.Be2 O-O 12.O-O Rfd8 13.a3 Rac8 14.Qc2 Bg4 
15.Rd1 Ne5 16.Nd4 Bxe2 17.Qxe2 Nc4 18.Nf3 Rxd1+ 19.Qxd1 Bb6 20.Qe2 h6 21.
Na4 Bc7 22.b3 Ne5 23.Bb2 Nxf3+ 24.Qxf3 Be5 25.Qe2 Qd6 26.h3 Bxb2 27.Nxb2 
Qd5 28.Nc4 Rd8 29.Rc1 Ne4 30.b4 Qd3 31.Kf1 b5 32.Qxd3 Rxd3 33.Ne5 Rxa3 34.
f3 Ng3+ 35.Kf2 Nf5 36.e4 Ra2+ 37.Kg1 Ne3 38.Rc8+ Kh7 39.Rc7 Rxg2+ 40.Kh1 
Ra2 41.Rxf7 Nc2 42.Nc6 Rb2 43.Rxa7 Nxb4 44.Nxb4 Rxb4 45.Kg2 Kg8 46.h4 Rb1 
47.Rb7 b4 48.Kg3 Kf8 49.Kf4 Rf1 50.Rxb4 g5+ 51.hxg5 hxg5+ 52.Kg4 Ke7 53.
Rb5 Rg1+ 54.Kf5 Rg3 55.Rb3 Kf7 56.e5 Ke7 57.e6 Kd6 58.Kf6 Rg1 59.e7 Re1 
60.Rd3+ 1-0

[Event "9th WCh U20 Girls"]
[Site "Mamaia ROM"]
[Date "1991.??.??"]
[Round "?"]
[White "Dzhandzhgava, Nadia"]
[Black "Koen, Maia"]
[Result "0-1"]
[WhiteElo "2210"]
[BlackElo "2215"]
[EventDate "1991.08.??"]
[PlyCount "88"]

1.Nf3 e6 2.g3 d5 3.c4 g6 4.Bg2 Bg7 5.O-O Ne7 6.d3 O-O 7.Na3 c5 8.Nd2 Nbc6 
9.Nc2 Rb8 10.Rb1 b6 11.a3 Bb7 12.cxd5 Nxd5 13.Nc4 b5 14.N4e3 Nb6 15.b4 Na4
16.Bd2 Qd6 17.bxc5 Qxc5 18.Nb4 Nd4 19.Bxb7 Rxb7 20.Rc1 Qb6 21.Rb1 Rc8 22.
Nec2 Rbc7 23.Nxd4 Bxd4 24.Bf4 Rc3 25.Rc1 Rxc1 26.Bxc1 Qc5 27.e3 Bc3 28.d4 
Qc4 29.Nd3 Qa2 30.Qf3 Qd5 31.Qd1 a5 32.h4 Nb6 33.Ne5 Nd7 34.Nxd7 Qxd7 35.
h5 Qd5 36.h6 Qa2 37.Qf3 Kf8 38.Qf6 Qc4 39.Qg7+ Ke7 40.Qxh7 e5 41.Qg7 exd4 
42.exd4 Bxd4 43.Bg5+ Ke6 44.Re1+ Kf5 0-1

[Event "9th WCh U20 Girls"]
[Site "Mamaia ROM"]
[Date "1991.??.??"]
[Round "?"]
[White "Deno, Mara"]
[Black "Radu, Elena-Luminita"]
[Result "1/2-1/2"]
[WhiteElo "2150"]
[BlackElo "2270"]
[EventDate "1991.08.??"]
[PlyCount "38"]

1.e4 e6 2.d4 d5 3.Nd2 Nf6 4.e5 Nfd7 5.f4 c5 6.c3 Nc6 7.Ndf3 cxd4 8.cxd4 
Be7 9.Bd3 f5 10.Ne2 O-O 11.O-O Nb6 12.a3 a5 13.Nc3 Bd7 14.b3 Na7 15.Bd2 
Qe8 16.a4 Nc6 17.h3 Nb4 18.Bb1 Qh5 19.Ne1 Qh6 1/2-1/2

[Event "9th WCh U20 Girls"]
[Site "Mamaia ROM"]
[Date "1991.??.??"]
[Round "?"]
[White "Botsari, Anna-Maria"]
[Black "Johansson, Viktoria"]
[Result "1-0"]
[WhiteElo "2285"]
[BlackElo "2130"]
[EventDate "1991.08.??"]
[PlyCount "109"]

1.d4 Nf6 2.c4 g6 3.Nc3 Bg7 4.e4 d6 5.f3 O-O 6.Bg5 Nbd7 7.Nh3 e5 8.d5 Nc5 
9.Nf2 h6 10.Be3 Nh5 11.Qd2 Kh7 12.b4 Nd7 13.Nd3 f5 14.Be2 Nhf6 15.c5 h5 
16.O-O f4 17.Bf2 g5 18.cxd6 cxd6 19.Nb5 Nb6 20.Rfc1 Rf7 21.Qc2 Ne8 22.a4 
Bd7 23.Nc3 g4 24.a5 Nc8 25.b5 Bh6 26.Kf1 g3 27.Bg1 gxh2 28.Bxh2 h4 29.Ke1 
h3 30.Bf1 hxg2 31.Qxg2 Rg7 32.Qf2 Bg5 33.Kd1 Bh4 34.Qd2 Ne7 35.Kc2 Rc8 36.
Kb3 Ng6 37.Bg1 Nc7 38.Nb4 Qe8 39.Qe2 a6 40.bxa6 Nxa6 41.Nxa6 bxa6 42.Qxa6 
Be7 43.Qd3 Ra8 44.a6 Bc8 45.Kc2 Nh4 46.Bf2 Qh5 47.Be2 Rg2 48.Nd1 Bh3 49.a7
Rg7 50.Rcb1 Qe8 51.Nc3 Bg2 52.Rb7 Bg5 53.Rxg7+ Kxg7 54.Rg1 Qg6 55.Qb5 1-0

[Event "9th WCh U20 Girls"]
[Site "Mamaia ROM"]
[Date "1991.??.??"]
[Round "?"]
[White "Limbach, Renate"]
[Black "Radu, Elena-Luminita"]
[Result "0-1"]
[WhiteElo "2145"]
[BlackElo "2270"]
[EventDate "1991.08.??"]
[PlyCount "46"]

1.e4 e6 2.Nf3 d5 3.e5 c5 4.b4 c4 5.c3 a5 6.b5 Nd7 7.d4 cxd3 8.Bxd3 Qc7 9.
Qe2 Ne7 10.O-O Ng6 11.Re1 a4 12.Na3 Qxc3 13.Nc2 Nc5 14.Bxg6 hxg6 15.Rb1 
Qd3 16.Ba3 Qxe2 17.Rxe2 Ne4 18.Re3 Bd7 19.Bxf8 Rxf8 20.Ra3 Ke7 21.Ncd4 
Rfc8 22.h3 Rc4 23.Kf1 Rxd4 0-1

[Event "9th WCh U20 Girls"]
[Site "Mamaia ROM"]
[Date "1991.??.??"]
[Round "?"]
[White "Bojkovic, Natasa"]
[Black "Claus, Caroline"]
[Result "1/2-1/2"]
[WhiteElo "2310"]
[BlackElo "2100"]
[EventDate "1991.08.??"]
[PlyCount "65"]

1.e4 c5 2.c3 e5 3.Nf3 Nc6 4.Bc4 Be7 5.d4 cxd4 6.cxd4 exd4 7.Nxd4 Qa5+ 8.
Nc3 Qc5 9.Nxc6 dxc6 10.Qb3 Qh5 11.Bf4 Qg6 12.O-O Nf6 13.a4 O-O 14.Rfe1 Nh5
15.Bd2 Bc5 16.Be3 Bd6 17.Rad1 b6 18.Kh1 Bc7 19.Qc2 Bg4 20.Be2 Rfe8 21.g3 
Be5 22.Bd4 Bxd4 23.Rxd4 c5 24.Rdd1 Nf6 25.f3 Bc8 26.Bb5 Rf8 27.Bc6 Rb8 28.
Qd2 Ng4 29.Bb5 Ne5 30.Qf4 Qe6 31.Nd5 Bb7 32.Rd2 Ng6 33.Qe3 1/2-1/2

[Event "9th WCh U20 Girls"]
[Site "Mamaia ROM"]
[Date "1991.??.??"]
[Round "?"]
[White "Koen, Maia"]
[Black "Regan, Natasha"]
[Result "1-0"]
[WhiteElo "2215"]
[BlackElo "2195"]
[EventDate "1991.08.??"]
[PlyCount "39"]

1.d4 Nf6 2.Bg5 Ne4 3.Bh4 c5 4.f3 g5 5.fxe4 gxh4 6.e3 d5 7.exd5 Qxd5 8.Qf3 
Qxf3 9.Nxf3 Bg7 10.c3 cxd4 11.exd4 Bf6 12.Nbd2 Bf5 13.Kf2 Nd7 14.Re1 Be6 
15.a3 Rg8 16.Ne4 Bh8 17.Nxh4 O-O-O 18.Nf3 h6 19.h3 Kc7 20.Bb5 1-0

[Event "9th WCh U20 Girls"]
[Site "Mamaia ROM"]
[Date "1991.??.??"]
[Round "?"]
[White "Lewandowska, Katarzyna"]
[Black "Martin del Campo, Astrid"]
[Result "1-0"]
[WhiteElo "2145"]
[BlackElo "2260"]
[EventDate "1991.08.??"]
[PlyCount "57"]

1.d4 f5 2.e4 fxe4 3.Nc3 Nf6 4.Bg5 e6 5.f3 e3 6.Bd3 Be7 7.Bxe3 Nc6 8.a3 d5 
9.f4 Bd6 10.Nh3 a6 11.O-O Ne7 12.Bf2 Bd7 13.Qe2 h6 14.Nd1 O-O 15.Ne3 Qe8 
16.Bh4 Nh5 17.g3 c6 18.Bxe7 Bxe7 19.Ng4 Nf6 20.Ne5 Bc8 21.Ng6 Rf7 22.Rae1 
Bd6 23.f5 Rc7 24.fxe6 c5 25.Ngf4 cxd4 26.Bg6 Qe7 27.Bf7+ Kh7 28.Qd3+ Ne4 
29.Rxe4 1-0

[Event "9th WCh U20 Girls"]
[Site "Mamaia ROM"]
[Date "1991.??.??"]
[Round "?"]
[White "Radu, Elena-Luminita"]
[Black "Johansson, Viktoria"]
[Result "1/2-1/2"]
[WhiteElo "2270"]
[BlackElo "2130"]
[EventDate "1991.08.??"]
[PlyCount "105"]

1.e4 c5 2.Nf3 Nc6 3.d4 cxd4 4.Nxd4 g6 5.Nc3 Bg7 6.Nde2 Nf6 7.g3 d6 8.Bg2 
O-O 9.O-O Be6 10.Nd5 Nd7 11.Nef4 Nc5 12.c3 Bd7 13.b4 Ne6 14.Nd3 Nc7 15.a4 
h6 16.Be3 e6 17.Nxc7 Qxc7 18.Qd2 Kh7 19.Rac1 Rac8 20.Nb2 Rfd8 21.Rfd1 Bf8 
22.c4 e5 23.a5 Ra8 24.Ra1 Be6 25.b5 Nd4 26.Bxd4 exd4 27.Qxd4 Bg7 28.Qd2 
Rac8 29.Rac1 Bxb2 30.Qxb2 Qxa5 31.Qd4 Rc5 32.Ra1 Qc7 33.Rxa7 Rxc4 34.Qe3 
Rb4 35.Rc1 Qd7 36.b6 Rc8 37.Rxc8 Qxc8 38.h4 Qc6 39.Ra8 Qxb6 40.Qc3 Qd4 41.
Qxd4 Rxd4 42.Rb8 Rb4 43.Rd8 Rb1+ 44.Kh2 Rb6 45.f4 Bg4 46.Kg1 Kg7 47.Rb8 
Rb1+ 48.Kf2 Rb2+ 49.Kg1 Kf6 50.e5+ dxe5 51.fxe5+ Kxe5 52.Rxb7 Rxb7 53.Bxb7
1/2-1/2

[Event "9th WCh U20 Girls"]
[Site "Mamaia ROM"]
[Date "1991.??.??"]
[Round "?"]
[White "Csoke, Adrienn"]
[Black "Limbach, Renate"]
[Result "0-1"]
[WhiteElo "2235"]
[BlackElo "2145"]
[EventDate "1991.08.??"]
[PlyCount "84"]

1.e4 e5 2.Nf3 Nc6 3.Bb5 Bb4 4.O-O Nge7 5.c3 Ba5 6.Na3 O-O 7.Qe2 d6 8.Nc2 
Bg4 9.Ne3 Bxf3 10.Qxf3 Bb6 11.Bxc6 Nxc6 12.Nf5 Ne7 13.g4 Nxf5 14.gxf5 Qf6 
15.d3 c6 16.Kh1 Rfd8 17.Rg1 h6 18.Qh5 Kf8 19.Rg2 d5 20.Bd2 dxe4 21.Rag1 e3
22.fxe3 Rxd3 23.Be1 Rxe3 24.Bh4 Rh3 25.Bxf6 Rxh5 26.Bxg7+ Ke7 27.f6+ Ke6 
28.Rd1 Rd8 29.Rgd2 Rxd2 30.Rxd2 Rg5 31.h3 h5 32.a4 h4 33.Rd3 Rg3 34.Rxg3 
hxg3 35.Kg2 Bf2 36.h4 Kf5 37.h5 e4 38.h6 Kg6 39.Bf8 Kh7 40.b4 a6 41.b5 
cxb5 42.axb5 axb5 0-1